<?xml version="1.0" encoding="UTF-8"?><marc:collection xmlns:marc="http://www.loc.gov/MARC21/slim">
  <marc:record>
    <marc:leader>02818nas a2200577 c 4500</marc:leader>
    <marc:controlfield tag="001">010037578</marc:controlfield>
    <marc:controlfield tag="003">DE-101</marc:controlfield>
    <marc:controlfield tag="005">20250801140706.0</marc:controlfield>
    <marc:controlfield tag="007">tu</marc:controlfield>
    <marc:controlfield tag="008">991118d19541976gw z||p|  ||| 0||||1ger c</marc:controlfield>
    <marc:datafield tag="015" ind1=" " ind2=" ">
      <marc:subfield code="a">76,A48,0109</marc:subfield>
      <marc:subfield code="2">dnb</marc:subfield>
    </marc:datafield>
    <marc:datafield tag="016" ind1="7" ind2=" ">
      <marc:subfield code="2">DE-600</marc:subfield>
      <marc:subfield code="a">2626-8</marc:subfield>
    </marc:datafield>
    <marc:datafield tag="016" ind1="7" ind2=" ">
      <marc:subfield code="2">DE-101</marc:subfield>
      <marc:subfield code="a">010037578</marc:subfield>
    </marc:datafield>
    <marc:datafield tag="022" ind1=" " ind2=" ">
      <marc:subfield code="a">0021-3993</marc:subfield>
    </marc:datafield>
    <marc:datafield tag="022" ind1=" " ind2=" ">
      <marc:subfield code="a">0021-3993</marc:subfield>
      <marc:subfield code="2">6</marc:subfield>
    </marc:datafield>
    <marc:datafield tag="035" ind1=" " ind2=" ">
      <marc:subfield code="a">(DE-599)ZDB2626-8</marc:subfield>
    </marc:datafield>
    <marc:datafield tag="035" ind1=" " ind2=" ">
      <marc:subfield code="a">(OCoLC)1367274437</marc:subfield>
    </marc:datafield>
    <marc:datafield tag="040" ind1=" " ind2=" ">
      <marc:subfield code="a">9001</marc:subfield>
      <marc:subfield code="b">ger</marc:subfield>
      <marc:subfield code="c">DE-101</marc:subfield>
      <marc:subfield code="d">1240</marc:subfield>
    </marc:datafield>
    <marc:datafield tag="041" ind1=" " ind2=" ">
      <marc:subfield code="a">ger</marc:subfield>
    </marc:datafield>
    <marc:datafield tag="042" ind1=" " ind2=" ">
      <marc:subfield code="a">zdb</marc:subfield>
    </marc:datafield>
    <marc:datafield tag="044" ind1=" " ind2=" ">
      <marc:subfield code="c">XA-DE</marc:subfield>
    </marc:datafield>
    <marc:datafield tag="082" ind1="7" ind2="4">
      <marc:subfield code="a">340</marc:subfield>
      <marc:subfield code="q">DE-600</marc:subfield>
      <marc:subfield code="2">22sdnb</marc:subfield>
    </marc:datafield>
    <marc:datafield tag="084" ind1=" " ind2=" ">
      <marc:subfield code="a">04a</marc:subfield>
      <marc:subfield code="a">340</marc:subfield>
      <marc:subfield code="a">350</marc:subfield>
      <marc:subfield code="q">DE-101</marc:subfield>
      <marc:subfield code="2">sdnb</marc:subfield>
    </marc:datafield>
    <marc:datafield tag="084" ind1=" " ind2=" ">
      <marc:subfield code="a">PR 1000</marc:subfield>
      <marc:subfield code="2">rvk</marc:subfield>
    </marc:datafield>
    <marc:datafield tag="222" ind1=" " ind2="0">
      <marc:subfield code="a">Jahrbuch für internationales Recht</marc:subfield>
    </marc:datafield>
    <marc:datafield tag="245" ind1="0" ind2="0">
      <marc:subfield code="a">Jahrbuch für internationales Recht</marc:subfield>
      <marc:subfield code="c">begr. von Rudolf Laun [u.a.]</marc:subfield>
    </marc:datafield>
    <marc:datafield tag="264" ind1="3" ind2="1">
      <marc:subfield code="a">Göttingen</marc:subfield>
      <marc:subfield code="b">Vandenhoeck &amp; Ruprecht</marc:subfield>
      <marc:subfield code="c">1954-1976</marc:subfield>
    </marc:datafield>
    <marc:datafield tag="336" ind1=" " ind2=" ">
      <marc:subfield code="a">Text</marc:subfield>
      <marc:subfield code="b">txt</marc:subfield>
      <marc:subfield code="2">rdacontent</marc:subfield>
    </marc:datafield>
    <marc:datafield tag="337" ind1=" " ind2=" ">
      <marc:subfield code="a">ohne Hilfsmittel zu benutzen</marc:subfield>
      <marc:subfield code="b">n</marc:subfield>
      <marc:subfield code="2">rdamedia</marc:subfield>
    </marc:datafield>
    <marc:datafield tag="338" ind1=" " ind2=" ">
      <marc:subfield code="a">Band</marc:subfield>
      <marc:subfield code="b">nc</marc:subfield>
      <marc:subfield code="2">rdacarrier</marc:subfield>
    </marc:datafield>
    <marc:datafield tag="362" ind1="0" ind2=" ">
      <marc:subfield code="a">3.1950/51(1954) - 18.1975(1976)</marc:subfield>
    </marc:datafield>
    <marc:datafield tag="363" ind1="0" ind2="0">
      <marc:subfield code="8">1.1\x</marc:subfield>
      <marc:subfield code="a">3</marc:subfield>
      <marc:subfield code="i">1950/51</marc:subfield>
    </marc:datafield>
    <marc:datafield tag="363" ind1="1" ind2="0">
      <marc:subfield code="8">1.2\x</marc:subfield>
      <marc:subfield code="a">18</marc:subfield>
      <marc:subfield code="i">1975</marc:subfield>
    </marc:datafield>
    <marc:datafield tag="583" ind1="1" ind2=" ">
      <marc:subfield code="3">3.1950/51(1954) - 18.1975(1976)</marc:subfield>
      <marc:subfield code="a">Archivierung/Langzeitarchivierung gewährleistet</marc:subfield>
      <marc:subfield code="c">2020</marc:subfield>
      <marc:subfield code="f">PESH</marc:subfield>
      <marc:subfield code="5">DE-8</marc:subfield>
      <marc:subfield code="2">pdager</marc:subfield>
    </marc:datafield>
    <marc:datafield tag="583" ind1="1" ind2=" ">
      <marc:subfield code="3">3.1950/51-10.1960/61,1/2</marc:subfield>
      <marc:subfield code="a">Archivierung/Langzeitarchivierung gewährleistet</marc:subfield>
      <marc:subfield code="c">2023</marc:subfield>
      <marc:subfield code="f">SLG</marc:subfield>
      <marc:subfield code="z">Provenienz</marc:subfield>
      <marc:subfield code="5">DE-25</marc:subfield>
      <marc:subfield code="2">pdager</marc:subfield>
    </marc:datafield>
    <marc:datafield tag="591" ind1=" " ind2=" ">
      <marc:subfield code="a">F/M!080278</marc:subfield>
    </marc:datafield>
    <marc:datafield tag="650" ind1=" " ind2="7">
      <marc:subfield code="0">(DE-588)4027447-0</marc:subfield>
      <marc:subfield code="0">https://d-nb.info/gnd/4027447-0</marc:subfield>
      <marc:subfield code="0">(DE-101)040274470</marc:subfield>
      <marc:subfield code="a">Internationales Recht</marc:subfield>
      <marc:subfield code="9">rswk-swf</marc:subfield>
      <marc:subfield code="2">gnd</marc:subfield>
    </marc:datafield>
    <marc:datafield tag="650" ind1=" " ind2="7">
      <marc:subfield code="0">(DE-588)4063693-8</marc:subfield>
      <marc:subfield code="0">https://d-nb.info/gnd/4063693-8</marc:subfield>
      <marc:subfield code="0">(DE-101)040636933</marc:subfield>
      <marc:subfield code="a">Völkerrecht</marc:subfield>
      <marc:subfield code="9">rswk-swf</marc:subfield>
      <marc:subfield code="2">gnd</marc:subfield>
    </marc:datafield>
    <marc:datafield tag="650" ind1=" " ind2="7">
      <marc:subfield code="a">Internationales Recht</marc:subfield>
      <marc:subfield code="2">local</marc:subfield>
    </marc:datafield>
    <marc:datafield tag="650" ind1=" " ind2="7">
      <marc:subfield code="8">2\p</marc:subfield>
      <marc:subfield code="0">(DE-588)4027447-0</marc:subfield>
      <marc:subfield code="0">https://d-nb.info/gnd/4027447-0</marc:subfield>
      <marc:subfield code="0">(DE-101)040274470</marc:subfield>
      <marc:subfield code="a">Internationales Recht</marc:subfield>
      <marc:subfield code="2">gnd</marc:subfield>
    </marc:datafield>
    <marc:datafield tag="655" ind1=" " ind2="7">
      <marc:subfield code="0">(DE-588)4067488-5</marc:subfield>
      <marc:subfield code="0">https://d-nb.info/gnd/4067488-5</marc:subfield>
      <marc:subfield code="0">(DE-101)040674886</marc:subfield>
      <marc:subfield code="a">Zeitschrift</marc:subfield>
      <marc:subfield code="2">gnd-content</marc:subfield>
    </marc:datafield>
    <marc:datafield tag="689" ind1="0" ind2="0">
      <marc:subfield code="0">(DE-588)4027447-0</marc:subfield>
      <marc:subfield code="0">https://d-nb.info/gnd/4027447-0</marc:subfield>
      <marc:subfield code="0">(DE-101)040274470</marc:subfield>
      <marc:subfield code="D">s</marc:subfield>
      <marc:subfield code="a">Internationales Recht</marc:subfield>
    </marc:datafield>
    <marc:datafield tag="689" ind1="0" ind2=" ">
      <marc:subfield code="5">DE-188</marc:subfield>
      <marc:subfield code="5">DE-602</marc:subfield>
    </marc:datafield>
    <marc:datafield tag="689" ind1="1" ind2="0">
      <marc:subfield code="0">(DE-588)4063693-8</marc:subfield>
      <marc:subfield code="0">https://d-nb.info/gnd/4063693-8</marc:subfield>
      <marc:subfield code="0">(DE-101)040636933</marc:subfield>
      <marc:subfield code="D">s</marc:subfield>
      <marc:subfield code="a">Völkerrecht</marc:subfield>
    </marc:datafield>
    <marc:datafield tag="689" ind1="1" ind2=" ">
      <marc:subfield code="5">DE-188</marc:subfield>
      <marc:subfield code="5">DE-602</marc:subfield>
    </marc:datafield>
    <marc:datafield tag="776" ind1="0" ind2="8">
      <marc:subfield code="i">Erscheint auch als</marc:subfield>
      <marc:subfield code="n">Online-Ausgabe</marc:subfield>
      <marc:subfield code="t">Jahrbuch für internationales Recht</marc:subfield>
      <marc:subfield code="d">Berlin : Duncker &amp; Humblot, 1954-1976</marc:subfield>
      <marc:subfield code="h">Online-Ressource</marc:subfield>
      <marc:subfield code="x">3053-2221</marc:subfield>
      <marc:subfield code="w">(DE-600)2870202-5</marc:subfield>
      <marc:subfield code="w">(DE-101)1115265806</marc:subfield>
    </marc:datafield>
    <marc:datafield tag="780" ind1="0" ind2="0">
      <marc:subfield code="i">Fortsetzung von</marc:subfield>
      <marc:subfield code="t">Jahrbuch für internationales und ausländisches öffentliches Recht</marc:subfield>
      <marc:subfield code="d">Hamburg : Rechts- u. Staatswiss. Verl., 1948-1950</marc:subfield>
      <marc:subfield code="x">3053-223X</marc:subfield>
      <marc:subfield code="w">(DE-600)6349-6</marc:subfield>
      <marc:subfield code="w">(DE-101)010085424</marc:subfield>
    </marc:datafield>
    <marc:datafield tag="785" ind1="0" ind2="0">
      <marc:subfield code="i">Fortgesetzt durch</marc:subfield>
      <marc:subfield code="t">German yearbook of international law</marc:subfield>
      <marc:subfield code="d">Berlin : Duncker &amp; Humblot, 1977-</marc:subfield>
      <marc:subfield code="x">0344-3094</marc:subfield>
      <marc:subfield code="w">(DE-600)715859-2</marc:subfield>
      <marc:subfield code="w">(DE-101)013864920</marc:subfield>
    </marc:datafield>
    <marc:datafield tag="850" ind1=" " ind2=" ">
      <marc:subfield code="a">DE-101a</marc:subfield>
      <marc:subfield code="a">DE-101b</marc:subfield>
    </marc:datafield>
    <marc:datafield tag="883" ind1="1" ind2=" ">
      <marc:subfield code="8">2\p</marc:subfield>
      <marc:subfield code="a">kasw</marc:subfield>
      <marc:subfield code="c">1,000</marc:subfield>
      <marc:subfield code="d">20230807</marc:subfield>
      <marc:subfield code="q">DE-101</marc:subfield>
      <marc:subfield code="u">https://d-nb.info/provenance/plan#kasw</marc:subfield>
    </marc:datafield>
    <marc:datafield tag="889" ind1=" " ind2=" ">
      <marc:subfield code="w">(DE-101)550150315</marc:subfield>
    </marc:datafield>
  </marc:record>
</marc:collection>
